[Event "Florianopolis op 10th"]
[Site "Florianopolis"]
[Date "2024.01.25"]
[Round "7"]
[White "Perondi, Rodolfo Antonio"]
[Black "De Oliveira, Matheus Tavares"]
[Result "0-1"]
[WhiteElo "1840"]
[BlackElo "1612"]
[PlyCount "62"]
[EventDate "2024.01.20"]
[EventType "swiss"]
[EventRounds "10"]
[EventCountry "BRA"]
[SourceTitle "CB05_2024"]
[SourceDate "2024.01.31"]
[SourceVersion "1"]
[SourceVersionDate "2024.01.31"]
[SourceQuality "1"]

1. e4 e5 2. Nf3 Nf6 3. Nc3 Nc6 4. d4 exd4 5. Nxd4 Bb4 6. Nxc6 bxc6 7. Bd3 d5 8. exd5 cxd5 9. 0-0 0-0 10. Bg5 Be6 11. Bxf6 Qxf6 12. Nb5 Ba5 13. c3 c5 14. Na3 Rab8 15. Qa4 Qd8 16. Rab1 c4 17. b4 Bc7 18. Be2 Qf6 19. Rfe1 Bb6 20. Bf3 Qxc3 21. Rbd1 Qf6 22. Nc2 d4 23. Qc6 Rbc8 24. Qb5 Rfd8 25. Bb7 Rb8 26. Qc6 d3 27. Ne3 c3 28. Ba6 d2 29. Re2 Bxa2 30. Qa4 Be6 31. Qc6 Bb3 0-1

[Event "Porto Alegre Regional Sul"]
[Site "Porto Alegre"]
[Date "2019.12.14"]
[Round "3"]
[White "Ferreira, Vitor Hugo Vieira"]
[Black "Perondi, Rodolfo Antonio"]
[Result "1-0"]
[WhiteElo "2112"]
[BlackElo "1866"]
[PlyCount "96"]
[EventDate "2019.12.13"]
[EventType "swiss"]
[EventRounds "5"]
[EventCountry "BRA"]
[SourceTitle "EXT 2021"]
[Source "ChessBase"]
[SourceDate "2020.10.23"]
[SourceVersion "1"]
[SourceVersionDate "2020.10.23"]
[SourceQuality "1"]

1. e4 b6 2. d4 Bb7 3. Nd2 e6 4. Ngf3 Nf6 5. Bd3 c5 6. 0-0 cxd4 7. Nxd4 Nc6 8. Nxc6 Bxc6 9. Qe2 Qc7 10. c3 h5 11. Nb3 Qb7 12. Re1 e5 13. Bg5 Be7 14. Rad1 h4 15. h3 Ng8 16. Bc1 Bf6 17. Nd2 Ne7 18. Ba6 Qc7 19. Nc4 0-0 20. Nd6 Ng6 21. Bc4 Be7 22. Nf5 Bf6 23. Qg4 Ba4 24. b3 d5 25. Bxd5 Bc6 26. Nh6+ Kh7 27. Qh5 Bxd5 28. Ng4+ Kg8 29. Nxf6+ gxf6 30. exd5 Qxc3 31. Re4 Qc2 32. Rc4 Qb1 33. Bh6 Qxa2 34. Rg4 Qc2 35. Rc1 Qd3 36. Qxh4 Qf5 37. Bxf8 Kxf8 38. Qh7 Rc8 39. Rxc8+ Qxc8 40. Kh2 Qf5 41. Qh6+ Ke7 42. Qd2 Kd6 43. Qb4+ Kxd5 44. Qc4+ Kd6 45. Qxf7 Ne7 46. f3 Nd5 47. Qxa7 Kc6 48. Rc4+ Kd6 1-0

[Event "Porto Alegre Metropole op 2nd"]
[Site "Porto Alegre"]
[Date "2019.08.04"]
[Round "4"]
[White "Vieira, Regina Teresinha"]
[Black "Perondi, Rodolfo Antonio"]
[Result "0-1"]
[WhiteElo "1773"]
[BlackElo "1887"]
[PlyCount "96"]
[EventDate "2019.08.02"]
[EventType "swiss"]
[EventRounds "5"]
[EventCountry "BRA"]
[SourceTitle "EXT 2020"]
[Source "ChessBase"]
[SourceDate "2019.10.17"]
[SourceVersion "1"]
[SourceVersionDate "2019.10.17"]
[SourceQuality "1"]

1. e4 e5 2. Bc4 Nf6 3. d3 c6 4. Nf3 Qc7 5. Nc3 Be7 6. 0-0 0-0 7. Bb3 Rd8 8. Bg5 d6 9. h3 Nbd7 10. a3 Nf8 11. Nh2 Ng6 12. Ne2 Nh5 13. f4 Bxg5 14. fxg5 Nhf4 15. Nxf4 Nxf4 16. Qf3 Be6 17. Bxe6 fxe6 18. Kh1 Rf8 19. Qg4 Qe7 20. g3 Ng6 21. Rxf8+ Nxf8 22. Rf1 Nd7 23. Rf2 Rf8 24. Rxf8+ Nxf8 25. Nf1 Qf7 26. Kg2 Qg6 27. Nd2 b5 28. h4 h6 29. Kh3 hxg5 30. Qxg5 Qxg5 31. hxg5 Kf7 32. Kg4 c5 33. Kh5 a5 34. b3 d5 35. Nf3 Nd7 36. Nd2 Nb8 37. g6+ Kf6 38. g4 Nc6 39. g5+ Ke7 40. Nf3 Kd6 41. Kg4 Nd4 42. Nxd4 exd4 43. exd5 Kxd5 44. Kf4 e5+ 45. Kf5 a4 46. bxa4 bxa4 47. Kg4 e4 48. dxe4+ Kxe4 0-1

[Event "Porto Alegre Oncosinos op"]
[Site "Porto Alegre"]
[Date "2016.11.27"]
[Round "4"]
[White "Perondi, Rodolfo Antonio"]
[Black "Menna Barreto, Felipe Kubiaki"]
[Result "0-1"]
[WhiteElo "1886"]
[BlackElo "2296"]
[PlyCount "36"]
[EventDate "2016.11.25"]
[EventType "swiss"]
[EventRounds "5"]
[EventCountry "BRA"]
[SourceTitle "CBM 175 Extra"]
[Source "ChessBase"]
[SourceDate "2016.12.12"]
[SourceVersion "1"]
[SourceVersionDate "2016.12.12"]
[SourceQuality "1"]

1. e4 g6 2. d4 Bg7 3. f4 c5 4. c3 cxd4 5. cxd4 Qb6 6. d5 Bxb2 7. Qc2 Bxa1 8. Qxc8+ Qd8 9. Qxb7 Nf6 10. e5 Ne4 11. Be3 0-0 12. Nf3 Nc6 13. Qa6 Rb8 14. Bb5 Nb4 15. Qa4 Nc3 16. Nxc3 Bxc3+ 17. Ke2 Nxd5 18. Bxa7 Bxe5 0-1

[Event "Sao Bento do Sul U2050 2nd"]
[Site "Sao Bento do Sul"]
[Date "2016.09.18"]
[Round "7.11"]
[White "De Oliveira, Gustavo Alfredo Bue"]
[Black "Perondi, Rodolfo Antonio"]
[Result "1-0"]
[WhiteElo "1790"]
[BlackElo "1886"]
[PlyCount "70"]
[EventDate "2016.09.16"]
[EventType "swiss"]
[EventRounds "7"]
[EventCountry "BRA"]
[SourceTitle "EXT 2022"]
[Source "ChessBase"]
[SourceDate "2021.10.06"]
[SourceVersion "1"]
[SourceVersionDate "2021.10.06"]
[SourceQuality "1"]

1. d4 d5 2. e3 Nf6 3. Bd3 c5 4. c3 Nc6 5. Nf3 Bg4 6. Nbd2 e6 7. 0-0 Bd6 8. Re1 0-0 9. b3 Rc8 10. Bb2 Qc7 11. h3 Bh5 12. dxc5 Bxc5 13. g4 Bg6 14. Bxg6 fxg6 15. b4 Bb6 16. Rc1 e5 17. Qb3 Rcd8 18. c4 e4 19. cxd5 exf3 20. dxc6+ Kh8 21. Nc4 Qxc6 22. Nxb6 Qxb6 23. Be5 Qb5 24. Rc5 Qd7 25. Rc7 Qd2 26. Rec1 h6 27. Bd4 Qe2 28. b5 a6 29. a4 axb5 30. axb5 Rxd4 31. exd4 Kh7 32. d5 Rd8 33. Qc3 Ne8 34. Re1 Nxc7 35. Rxe2 Nxd5 1-0

[Event "Sao Bento do Sul U2050 2nd"]
[Site "Sao Bento do Sul"]
[Date "2016.09.17"]
[Round "5.9"]
[White "Zimmermann, Kleber Renato P"]
[Black "Perondi, Rodolfo Antonio"]
[Result "1/2-1/2"]
[WhiteElo "1919"]
[BlackElo "1886"]
[PlyCount "58"]
[EventDate "2016.09.16"]
[EventType "swiss"]
[EventRounds "7"]
[EventCountry "BRA"]
[SourceTitle "EXT 2022"]
[Source "ChessBase"]
[SourceDate "2021.10.06"]
[SourceVersion "1"]
[SourceVersionDate "2021.10.06"]
[SourceQuality "1"]

1. d4 d5 2. c4 c6 3. Nc3 Nf6 4. e3 g6 5. Nf3 Bg7 6. Bd3 0-0 7. 0-0 Bg4 8. h3 Bxf3 9. Qxf3 Na6 10. a3 Nc7 11. Rd1 Ne6 12. b4 a6 13. Bb2 h6 14. Rac1 Ng5 15. Qe2 dxc4 16. Bxc4 Nd5 17. h4 Nh7 18. e4 Nb6 19. Bb3 e5 20. dxe5 Qxh4 21. Qe3 Nc8 22. Na4 Ng5 23. Nc5 Re8 24. f4 Ne6 25. Nxe6 fxe6 26. f5 gxf5 27. exf5 Kh8 28. Bxe6 Bf8 29. Rd7 Ne7 1/2-1/2

[Event "Porto Alegre IRT U2200 2nd"]
[Site "Porto Alegre"]
[Date "2016.09.03"]
[Round "3.2"]
[White "Perondi, Rodolfo Antonio"]
[Black "Fabris, Mario Henrique"]
[Result "1-0"]
[WhiteElo "1886"]
[BlackElo "1997"]
[PlyCount "125"]
[EventDate "2016.09.03"]
[EventType "swiss"]
[EventRounds "5"]
[EventCountry "BRA"]
[SourceTitle "EXT 2022"]
[Source "ChessBase"]
[SourceDate "2021.10.06"]
[SourceVersion "1"]
[SourceVersionDate "2021.10.06"]
[SourceQuality "1"]

1. e4 e6 2. d4 d5 3. exd5 exd5 4. Nf3 Nf6 5. Bd3 Bd6 6. Nc3 0-0 7. Bg5 Re8+ 8. Kf1 c6 9. Qd2 Bg4 10. Ne5 Bxe5 11. dxe5 Rxe5 12. Qf4 Rxg5 13. Qxg5 Nbd7 14. Re1 Nc5 15. h3 Nxd3 16. cxd3 Be6 17. a3 Qb6 18. Re2 d4 19. Ne4 Qb3 20. Nc5 Qd5 21. Nxe6 fxe6 22. Qxd5 exd5 23. Re7 Rb8 24. g4 Kf8 25. Re5 Re8 26. Rxe8+ Nxe8 27. f4 Nc7 28. f5 Na6 29. Ke2 Nc5 30. Kd2 Kf7 31. Rf1 h6 32. Rf4 Kf6 33. h4 Nb3+ 34. Kc2 Na1+ 35. Kb1 Nb3 36. Rf2 a5 37. Re2 Nc5 38. Kc2 a4 39. Re8 h5 40. gxh5 Kxf5 41. Rh8 Ne6 42. h6 gxh6 43. Rxh6 Nc5 44. Rh7 Kg6 45. Rh8 Kg7 46. Rh5 Kg6 47. Rg5+ Kh6 48. Re5 Kg6 49. Re8 Kh5 50. Rh8+ Kg6 51. Rf8 Kh5 52. Rf4 Ne6 53. Rf7 Nc5 54. Rh7+ Kg6 55. Rh8 Kg7 56. Ra8 Kg6 57. Ra5 Ne6 58. Rxa4 Kh5 59. Ra7 Nc5 60. b4 Ne6 61. Rxb7 Kxh4 62. Rb6 Nd8 63. a4 1-0

[Event "Caioba Telecom op"]
[Site "Caioba"]
[Date "2016.08.27"]
[Round "3"]
[White "Campestrini, Carine Katia"]
[Black "Perondi, Rodolfo Antonio"]
[Result "1/2-1/2"]
[WhiteElo "1634"]
[BlackElo "1874"]
[PlyCount "102"]
[EventDate "2016.08.26"]
[EventType "swiss"]
[EventRounds "6"]
[EventCountry "BRA"]
[SourceTitle "CBM 174 Extra"]
[Source "ChessBase"]
[SourceDate "2016.10.10"]
[SourceVersion "1"]
[SourceVersionDate "2016.10.10"]
[SourceQuality "1"]

1. e4 e5 2. Nf3 Nc6 3. d4 exd4 4. Nxd4 Bc5 5. Be3 Qf6 6. c3 Nge7 7. Nc2 Bxe3 8. Nxe3 Qe5 9. Nd2 d5 10. exd5 Nxd5 11. Ndc4 Nxe3 12. Nxe3 Be6 13. Be2 Rd8 14. Qc2 0-0 15. 0-0 Qc5 16. Rfd1 f5 17. b4 Qe5 18. Bc4 Bxc4 19. Nxc4 Qf4 20. Rxd8 Rxd8 21. Qe2 Qe4 22. Qxe4 fxe4 23. Kf1 Rd3 24. Rc1 b5 25. Ne3 Rd2 26. Rc2 Rd3 27. Ke2 g6 28. f3 Ne5 29. fxe4 Rd6 30. Rd2 Ra6 31. Nd5 c6 32. Nf6+ Kg7 33. Nd7 Nc4 34. Rc2 Ra3 35. Kd3 Kf7 36. Kd4 Ke7 37. Ne5 Nxe5 38. Kxe5 a5 39. Kd4 Kd6 40. Rb2 Ra4 41. g3 axb4 42. e5+ Ke6 43. cxb4 Ra3 44. Rf2 Ke7 45. Rf6 Rxa2 46. Rxc6 Rxh2 47. Rb6 Rh3 48. Rxb5 Rxg3 49. Rb7+ Ke6 50. Rxh7 Rg4+ 51. Kc5 Kxe5 1/2-1/2

[Event "Porto Alegre IRT 50"]
[Site "Porto Alegre"]
[Date "2016.05.06"]
[Round "1"]
[White "Gauche, Charles"]
[Black "Perondi, Rodolfo Antonio"]
[Result "0-1"]
[WhiteElo "2247"]
[BlackElo "1786"]
[PlyCount "94"]
[EventDate "2016.05.06"]
[EventType "swiss"]
[EventRounds "5"]
[EventCountry "BRA"]
[SourceTitle "CBM 172 Extra"]
[Source "ChessBase"]
[SourceDate "2016.06.21"]
[SourceVersion "1"]
[SourceVersionDate "2016.06.21"]
[SourceQuality "1"]

1. d4 Nf6 2. c4 g6 3. Nc3 Bg7 4. e4 d6 5. Be2 0-0 6. Bg5 c5 7. d5 b5 8. cxb5 a6 9. bxa6 Bxa6 10. Bxa6 Nxa6 11. Nge2 Qd7 12. 0-0 Qg4 13. f4 Rfb8 14. b3 Rb4 15. a3 Rb6 16. Bxf6 Bxf6 17. h3 Qd7 18. Na4 Rb7 19. Rb1 Rab8 20. Qc2 Nc7 21. e5 Bg7 22. Nec3 Qf5 23. Qd1 Nb5 24. Qc1 Nd4 25. exd6 exd6 26. b4 h5 27. Kh1 cxb4 28. Rxb4 Rxb4 29. axb4 Rxb4 30. Qe3 Kh7 31. Qe7 Qd3 32. Rd1 Qc2 33. Re1 Qf2 34. Qe3 Qh4 35. Qe7 Qg3 36. Rd1 Rxa4 37. Nxa4 Nf3 38. gxf3 Qxf3+ 39. Kh2 Qxd1 40. Qa7 Qe2+ 41. Kg3 Qd3+ 42. Kg2 Qxd5+ 43. Kg3 Bd4 44. Qd7 Qb3+ 45. Kg2 Qc2+ 46. Kf3 Qd3+ 47. Kg2 Qe2+ 0-1

[Event "Porto Alegre Oncosinos op"]
[Site "Porto Alegre"]
[Date "2015.09.05"]
[Round "2"]
[White "Perondi, Rodolfo Antonio"]
[Black "Menna Barreto, Felipe Kubiaki"]
[Result "0-1"]
[WhiteElo "1785"]
[BlackElo "2271"]
[PlyCount "64"]
[EventDate "2015.09.04"]
[EventType "swiss"]
[EventRounds "7"]
[EventCountry "BRA"]
[SourceTitle "EXT 2016"]
[Source "ChessBase"]
[SourceDate "2015.10.08"]
[SourceVersion "1"]
[SourceVersionDate "2015.10.08"]
[SourceQuality "1"]

1. e4 c6 2. Nc3 d5 3. Nf3 Bg4 4. h3 Bxf3 5. gxf3 e6 6. b3 Nf6 7. Bb2 Nbd7 8. Rg1 Qc7 9. exd5 cxd5 10. Nb5 Qb6 11. Bd4 Bc5 12. Bxc5 Qxc5 13. d4 Qb6 14. a4 a6 15. Na3 0-0 16. Qd2 Qd6 17. c3 e5 18. Nc2 exd4 19. Nxd4 Rfe8+ 20. Be2 g6 21. 0-0-0 b5 22. a5 Qa3+ 23. Kb1 Qxa5 24. Kb2 Rac8 25. Bd3 Ne5 26. Bf1 Nc6 27. Ra1 Qb6 28. Nf5 Re5 29. Nd4 Nxd4 30. cxd4 Re6 31. Rc1 Rxc1 32. Kxc1 b4 0-1

[Event "Florianopolis Cordioli Memorial"]
[Site "Florianopolis"]
[Date "2015.07.04"]
[Round "4"]
[White "Pellis, Matheus"]
[Black "Perondi, Rodolfo Antonio"]
[Result "0-1"]
[WhiteElo "1357"]
[BlackElo "1787"]
[PlyCount "52"]
[EventDate "2015.07.03"]
[EventType "swiss"]
[EventRounds "7"]
[EventCountry "BRA"]
[SourceTitle "EXT 2016"]
[Source "ChessBase"]
[SourceDate "2015.10.08"]
[SourceVersion "1"]
[SourceVersionDate "2015.10.08"]
[SourceQuality "1"]

1. e4 e5 2. Nf3 Nc6 3. d4 exd4 4. Nxd4 Bc5 5. Nb3 Bb6 6. Nc3 Nf6 7. Bg5 h6 8. Bh4 d6 9. Nd5 g5 10. Qf3 Nxd5 11. exd5 Ne5 12. Qe4 f5 13. Qe2 f4 14. Qh5+ Kf8 15. g3 Bg4 16. Bxg5 Qxg5 17. Qxg5 hxg5 18. Bg2 Kg7 19. h3 f3 20. Bf1 Rh6 21. 0-0-0 Rah8 22. Rd2 Bxh3 23. Rxh3 Rxh3 24. Bxh3 Rxh3 25. c3 Rh1+ 26. Kc2 Rf1 0-1

[Event "Porto Alegre Oncolinos op"]
[Site "Porto Alegre"]
[Date "2013.11.17"]
[Round "7"]
[White "Fonseca, Luis Ernesto Serra"]
[Black "Perondi, Rodolfo Antonio"]
[Result "1-0"]
[WhiteElo "2031"]
[BlackElo "1852"]
[PlyCount "85"]
[EventDate "2013.11.14"]
[EventType "swiss"]
[EventRounds "7"]
[EventCountry "BRA"]
[SourceTitle "EXT 2015"]
[Source "ChessBase"]
[SourceDate "2014.11.20"]
[SourceVersion "1"]
[SourceVersionDate "2014.11.20"]
[SourceQuality "1"]

1. c4 e5 2. d3 Nf6 3. g3 c6 4. Nf3 Be7 5. Nc3 d5 6. cxd5 cxd5 7. Nxe5 d4 8. Qa4+ Nc6 9. Nxc6 bxc6 10. Bg2 0-0 11. Ne4 Nxe4 12. dxe4 d3 13. Qd1 Bb4+ 14. Bd2 dxe2 15. Qxe2 Ba6 16. Qe3 Qa5 17. Bxb4 Qxb4+ 18. Qc3 Qa4 19. b3 Qa3 20. Bf1 Qe7 21. Bxa6 Qxe4+ 22. Kd2 Rad8+ 23. Bd3 Rd6 24. Kc2 Qg2 25. Rad1 Rfd8 26. Rhe1 g6 27. Rd2 Qxh2 28. Rf1 Qg2 29. Kc1 Qf3 30. Qc4 Rd4 31. Qc3 h5 32. Kc2 h4 33. gxh4 Rxh4 34. Rg1 Rh3 35. Qc4 Rd5 36. b4 Qf6 37. Rg3 Rh1 38. Qc3 Qf4 39. Qxc6 Qxb4 40. Qxd5 Qb1+ 41. Kc3 Rc1+ 42. Rc2 Kg7 43. Qe5+ 1-0

[Event "Porto Alegre Oncolinos op"]
[Site "Porto Alegre"]
[Date "2013.11.16"]
[Round "4"]
[White "Perondi, Rodolfo Antonio"]
[Black "Pereira, Armando Scharlau"]
[Result "0-1"]
[WhiteElo "1852"]
[BlackElo "1736"]
[PlyCount "60"]
[EventDate "2013.11.14"]
[EventType "swiss"]
[EventRounds "7"]
[EventCountry "BRA"]
[SourceTitle "EXT 2015"]
[Source "ChessBase"]
[SourceDate "2014.11.20"]
[SourceVersion "1"]
[SourceVersionDate "2014.11.20"]
[SourceQuality "1"]

1. e4 e6 2. Nf3 d5 3. e5 c5 4. b4 b6 5. bxc5 bxc5 6. c3 Nh6 7. d4 Nf5 8. Bd3 c4 9. Bc2 Be7 10. a4 Nc6 11. a5 a6 12. Nbd2 Rb8 13. g4 Nh4 14. Nxh4 Bxh4 15. Qf3 Bd7 16. Qh3 Bg5 17. Nf3 Bxc1 18. Rxc1 Qxa5 19. 0-0 Qxc3 20. Ba4 Qa5 21. Ra1 Qc7 22. Qh4 h6 23. Bc2 Rb2 24. Rfc1 Bc8 25. Ba4 Kf8 26. Rc3 Nb4 27. Rac1 Na2 28. R3c2 Nxc1 29. Rxb2 Nd3 30. Rc2 Nf4 0-1

[Event "Porto Alegre Oncolinos op"]
[Site "Porto Alegre"]
[Date "2013.11.15"]
[Round "2"]
[White "Perondi, Rodolfo Antonio"]
[Black "Santos, Raul"]
[Result "0-1"]
[WhiteElo "1852"]
[BlackElo "1818"]
[PlyCount "44"]
[EventDate "2013.11.14"]
[EventType "swiss"]
[EventRounds "7"]
[EventCountry "BRA"]
[SourceTitle "EXT 2015"]
[Source "ChessBase"]
[SourceDate "2014.11.20"]
[SourceVersion "1"]
[SourceVersionDate "2014.11.20"]
[SourceQuality "1"]

1. e4 e5 2. Nf3 Nf6 3. Nc3 Nc6 4. Bc4 Nxe4 5. Bxf7+ Kxf7 6. Nxe4 d5 7. Neg5+ Kg8 8. d3 h6 9. Nh3 Bg4 10. c3 Qd7 11. Nhg1 Re8 12. Be3 d4 13. Bc1 e4 14. dxe4 Rxe4+ 15. Kf1 Be7 16. cxd4 Rxd4 17. Qb3+ Be6 18. Qc2 Nb4 19. Qc3 Bc4+ 20. Ne2 Rd1+ 21. Ne1 Qe6 22. Be3 Rxa1 0-1